Banking integration and financial crisis (Record no. 185181)

MARC details
000 -LEADER
campo de control de longitud fija 01225nam a2200325 i 4500
001 - NÚMERO DE CONTROL
campo de control 185181
003 - IDENTIFICADOR DE NÚMERO DE CONTROL
campo de control SpMaBN
005 - FECHA Y HORA DE LA ÚLTIMA TRANSACCIÓN
campo de control 20260223111545.0
008 - DATOS DE LONGITUD FIJA--INFORMACIÓN GENERAL
campo de control de longitud fija 160404s2015 sp d |||| |deng d
020 ## - NÚMERO INTERNACIONAL ESTÁNDAR DEL LIBRO
Número Internacional Estándar del Libro 978-84-92937-60-8
080 ## - NÚMERO DE LA CLASIFICACIÓN DECIMAL UNIVERSAL
Número de la Clasificación Decimal Universal 336.71
080 ## - NÚMERO DE LA CLASIFICACIÓN DECIMAL UNIVERSAL
Número de la Clasificación Decimal Universal 338.124"2008/"
245 00 - MENCIÓN DEL TÍTULO
Título Banking integration and financial crisis
Resto del título : some recent developments /
Mención de responsabilidad, etc. edited by Iván Arribas Fernández, Emili Tortosa Ausina ; Santiago Carbó Valverde, Matteo Chinazzi, Giorgio Fagiolo ... [et al.].
250 ## - MENCION DE EDICION
Mención de edición 1st ed.
260 ## - PUBLICACIÓN, DISTRIBUCIÓN, ETC.
Lugar de publicación, distribución, etc. Bilbao :
Nombre del editor, distribuidor, etc. Fundación BBVA,
Fecha de publicación, distribución, etc. 2015.
300 ## - DESCRIPCIÓN FÍSICA
Extensión 201, [5] p. :
Otras características físicas gráf. ;
Dimensiones 24 cm.
500 ## - NOTA GENERAL
Nota general Índice.
504 ## - NOTA DE BIBLIOGRAFÍA, ETC.
Nota de bibliografía, etc. Referencias bibliográficas.
530 ## - NOTA DISPONIBLE DE FORMULARIO FÍSICO ADICIONAL
Nota de formato físico adicional disponible Disponible también en sitio web.
650 07 - PUNTO DE ACCESO ADICIONAL DE MATERIA--TÉRMINO DE MATERIA
Término de materia o nombre geográfico como elemento de entrada Bancos.
9 (RLIN) 10484
650 #0 - PUNTO DE ACCESO ADICIONAL DE MATERIA--TÉRMINO DE MATERIA
Término de materia o nombre geográfico como elemento de entrada Crisis económicas- 2008
9 (RLIN) 236570
700 1# - ENTRADA AGREGADA--NOMBRE PERSONAL
Nombre de persona Arribas, Iván.
9 (RLIN) 159274
700 1# - ENTRADA AGREGADA--NOMBRE PERSONAL
Nombre de persona Tortosa-Ausina, Emili.
9 (RLIN) 159275
700 1# - ENTRADA AGREGADA--NOMBRE PERSONAL
Nombre de persona Carbó Valverde, Santiago.
9 (RLIN) 159276
710 2# - ENTRADA AGREGADA--NOMBRE DE ENTIDAD CORPORATIVA
Nombre de entidad corporativa o nombre de jurisdicción como elemento de entrada Fundación BBVA
9 (RLIN) 4230
852 ## - LOCALIZACIÓN
Ubicación ES-MaACL
Número de control de estantería A-13680
itemnumber 192200
Sublocalización o colección R.151054
Ubicación en estantería Depósito 1
Signatura antigua Olim: N-6680
856 4# - LOCALIZACIÓN Y ACCESO ELECTRÓNICOS
Identificador Uniforme de Recursos <a href="http://www.fbbva.es/TLFU/dat/DE_Ivie_2015_banking_integration.pdf">http://www.fbbva.es/TLFU/dat/DE_Ivie_2015_banking_integration.pdf</a>
Texto de enlace Versión en línea
942 ## - ELEMENTOS DE ENTRADA SECUNDARIOS (KOHA)
Fuente del sistema de clasificación o colocación Clasificación decimal universal
Holdings
Estatus retirado Estado de pérdida Fuente del sistema de clasificación o colocación Estado de daño No para préstamo Colección Biblioteca de origen Biblioteca actual Ubicación en estantería Fecha de adquisición Fuente de adquisición Total de préstamos Signatura topográfica completa Código de barras Visto por última vez Precio de reemplazo Tipo de ítem Koha
    Clasificación decimal universal     Colección digital Biblioteca del Ateneo de Madrid Biblioteca del Ateneo de Madrid Depósito 1 04/04/2016 Donación   A-13680 1195062 23/02/2023 23/02/2023 Libro impreso